00486nam a22001457a 4500003000500000005001700005020001800022082001400040100001800054245005200072260002500124300001000149505016000159648002100319NUST20250513101103.0 a9781987673630 a005.8,WEN aDu, Wenlinag  aSeed labs : bInstructor manual /cWenliang Du aLexingtonbUSAc2018 a418 p aSoftware Security (Page-3), Web Security (Page-89), Network Security (Page-137), Crypto (Page-265), System Security (Page-363), Mobile Security (Page-381). aSeed labs manual